000 00903cam a22003011a 4500
001 agr67000253
003 DLC
005 20260227111026.0
008 860225s1967 dcuab b f000 0 eng c
010 _aagr67000253
035 _a(OCoLC)13193296
040 _aU.S. Nat'l Agr. Libr.
_cNhD
_dNhD
_dDNAL
_dDLC
042 _apremarc
043 _ae-fr---
050 0 0 _aS21
_b.Z2383 no. 189
070 0 _aA281.9
_bF76Fm no.189
072 0 _aS200
082 _a338.1/7/42209447
100 1 _aMehr, Stanley,
_d1918-
245 1 4 _aThe prune industry of France /
_c[by Stanley Mehr].
260 _aWashington, D.C. :
_bU.S. Dept. of Agricultural, Foreign Agricultural Service,
_c1967.
300 _aiv, 32 p. :
_bill., 1 map ;
_c26 cm.
490 1 _aFAS-M ;
_v189
500 _aCover title.
504 _aIncludes bibliographical references.
650 0 _aPrune
_zFrance.
830 0 _aFAS M. ;
_v189.
999 _c12226
_d12226